Ideal de la humanidad para la vida / Julián Sanz del Río, traductor
Furkejuvvon:
| Váldodahkki: | |
|---|---|
| Materiálatiipa: | Girji |
| Giella: | Undetermined |
| Almmustuhtton: |
Barcelona, España
Ediciones Orbis
1985
|
| Fáttát: | |
| Fáddágilkorat: |
Lasit fáddágilkoriid
Eai fáddágilkorat, Lasit vuosttaš fáddágilkora!
|
MARC
| LEADER | 00000nam a2200000Ia 4500 | ||
|---|---|---|---|
| 008 | 170316s9999 xx 000 0 und d | ||
| 090 | |a 100 K-25.1i | ||
| 100 | |a Krause, Karl Christian Friedrich | ||
| 245 | |a Ideal de la humanidad para la vida / Julián Sanz del Río, traductor | ||
| 260 | |a Barcelona, España | ||
| 260 | |b Ediciones Orbis | ||
| 260 | |c 1985 | ||
| 300 | |a 224 páginas | ||
| 650 | |a FILOSOFÍA | ||
| 650 | |a DON JULIAN SANZ DEL RIO | ||
| 650 | |a KRAUSISMO | ||
| 650 | |a IDEA DE LA HUMANIDAD | ||
| 650 | |a EL HOMBRE | ||
| 650 | |a LA HUMANIDAD | ||
| 650 | |a LA FAMILIA | ||
| 650 | |a LAS NACIONES | ||
| 650 | |a LOS PUEBLOS | ||
| 650 | |a LA AMISTAD | ||
| 650 | |a EL COMERCIO SOCIAL | ||
| 650 | |a EL ESTADO | ||
| 650 | |a LA IGLESIA | ||
| 650 | |a LA CIENCIA | ||
| 650 | |a EL ARTE | ||
| 650 | |a SOCIEDAD ARTISTICA HUMANA | ||
| 650 | |a EL ESPÍRITU | ||
| 650 | |a LA VOLUNTAD | ||
| 650 | |a VIRTUD | ||
| 650 | |a DEBERES MORALES | ||
| 650 | |a EL CUERPO - SU CULTURA | ||
| 650 | |a LA MUJER | ||
| 650 | |a EL MATRIMONIO | ||
| 650 | |a LAS EDADES | ||
| 650 | |a COMERCIO SOCIAL | ||
| 650 | |a PROFESIÓNES SOCIALES | ||
| 650 | |a ESPÍRITU HISTO | ||
| 999 | |c 16679 |d 16679 | ||
| 040 | |a cru BVZT | ||
| 942 | |c 15 D |h 100 K-25.1i |2 z | ||
